<?xml version="1.0" encoding="UTF-8"?><?xml-stylesheet type="text/xsl" href="static/style.xsl"?><OAI-PMH xmlns="http://www.openarchives.org/OAI/2.0/" xmlns:xsi="http://www.w3.org/2001/XMLSchema-instance" xsi:schemaLocation="http://www.openarchives.org/OAI/2.0/ http://www.openarchives.org/OAI/2.0/OAI-PMH.xsd"><responseDate>2026-04-18T03:59:36Z</responseDate><request verb="GetRecord" identifier="oai:www.recercat.cat:11351/12206" metadataPrefix="marc">https://recercat.cat/oai/request</request><GetRecord><record><header><identifier>oai:recercat.cat:11351/12206</identifier><datestamp>2025-10-24T10:34:38Z</datestamp><setSpec>com_2072_378070</setSpec><setSpec>com_2072_378040</setSpec><setSpec>col_2072_378092</setSpec></header><metadata><record xmlns="http://www.loc.gov/MARC21/slim" xmlns:dcterms="http://purl.org/dc/terms/" xmlns:xsi="http://www.w3.org/2001/XMLSchema-instance" xmlns:doc="http://www.lyncode.com/xoai" xsi:schemaLocation="http://www.loc.gov/MARC21/slim http://www.loc.gov/standards/marcxml/schema/MARC21slim.xsd">
   <leader>00925njm 22002777a 4500</leader>
   <datafield ind2=" " ind1=" " tag="042">
      <subfield code="a">dc</subfield>
   </datafield>
   <datafield ind2=" " ind1=" " tag="720">
      <subfield code="a">Trejo-Zahinos, Jesus</subfield>
      <subfield code="e">author</subfield>
   </datafield>
   <datafield ind2=" " ind1=" " tag="720">
      <subfield code="a">Barberan-Masegosa, Alicia</subfield>
      <subfield code="e">author</subfield>
   </datafield>
   <datafield ind2=" " ind1=" " tag="720">
      <subfield code="a">Bernat, Marta</subfield>
      <subfield code="e">author</subfield>
   </datafield>
   <datafield ind2=" " ind1=" " tag="720">
      <subfield code="a">Perez-Ugarte, Arantxa</subfield>
      <subfield code="e">author</subfield>
   </datafield>
   <datafield ind2=" " ind1=" " tag="720">
      <subfield code="a">Villatoro, Ana Maria</subfield>
      <subfield code="e">author</subfield>
   </datafield>
   <datafield ind2=" " ind1=" " tag="720">
      <subfield code="a">Alcubilla, Pilar</subfield>
      <subfield code="e">author</subfield>
   </datafield>
   <datafield ind2=" " ind1=" " tag="720">
      <subfield code="a">Nadal-Barón, Patricia</subfield>
      <subfield code="e">author</subfield>
   </datafield>
   <datafield ind2=" " ind1=" " tag="720">
      <subfield code="a">Arando, Maider</subfield>
      <subfield code="e">author</subfield>
   </datafield>
   <datafield ind2=" " ind1=" " tag="720">
      <subfield code="a">Sulleiro, Elena</subfield>
      <subfield code="e">author</subfield>
   </datafield>
   <datafield ind2=" " ind1=" " tag="720">
      <subfield code="a">González-López, Juan José</subfield>
      <subfield code="e">author</subfield>
   </datafield>
   <datafield ind2=" " ind1=" " tag="720">
      <subfield code="a">Hoyos Mallecot, Yannick</subfield>
      <subfield code="e">author</subfield>
   </datafield>
   <datafield ind2=" " ind1=" " tag="720">
      <subfield code="a">Antón Pagarolas, Andrés</subfield>
      <subfield code="e">author</subfield>
   </datafield>
   <datafield ind2=" " ind1=" " tag="720">
      <subfield code="a">Larrosa, María Nieves</subfield>
      <subfield code="e">author</subfield>
   </datafield>
   <datafield ind2=" " ind1=" " tag="260">
      <subfield code="c">2024-11-11T07:31:30Z</subfield>
   </datafield>
   <datafield ind2=" " ind1=" " tag="260">
      <subfield code="c">2024-11-11T07:31:30Z</subfield>
   </datafield>
   <datafield ind2=" " ind1=" " tag="260">
      <subfield code="c">2024-10-08</subfield>
   </datafield>
   <datafield ind2=" " ind1=" " tag="520">
      <subfield code="a">Treponema pallidum; Phylogeny; Syphilis</subfield>
   </datafield>
   <datafield ind2=" " ind1=" " tag="520">
      <subfield code="a">Treponema pallidum; Filogenia; Sífilis</subfield>
   </datafield>
   <datafield ind2=" " ind1=" " tag="520">
      <subfield code="a">Treponema pallidum; Filogènia; Sífilis</subfield>
   </datafield>
   <datafield ind2=" " ind1=" " tag="520">
      <subfield code="a">Worldwide, more than 90% of contemporary syphilis strains belong to SS14-like clade. This study aimed to describe the molecular profile of circulating Treponema pallidum subsp. pallidum (TPA) strains in Barcelona, Spain, from 2021 to 2023 building upon our report in 2015 which showed that 94.8% of typed strains belonged to the SS14 clade. Multilocus sequence typing (MLST) was conducted on TPA-positive samples obtained from swab samples by sequencing the tp0136, tp0548, and tp0705 loci. Strains were classified as Nichols-like or SS14-like clade. Macrolide and tetracycline resistance‑associated mutations were determined through analysis of 23S rDNA and 16S rRNA gene sequences. Of the 96 typeable samples, 47.9% belonged to SS14-like and 52.1% to the Nichols-like. Fourteen haplotypes were identified, with ST26 representing 43.8% of the samples, distributed across 11 haplotypes in the SS14-like and 3 haplotypes in the Nichols-like. All the samples showed macrolide resistance-associated mutations, while none exhibited tetracycline-associated mutations. Our findings revealed a substantial shift in the proportion of TPA clades within the Barcelona population from 2021 to 2023, characterized by a higher proportion of Nichols-like strains compared to 2015 and international trends. The varying temporal and geographical trends underscore the need for regular surveillance to understand regional variations in syphilis and strengthen control programs.</subfield>
   </datafield>
   <datafield ind1="8" ind2=" " tag="024">
      <subfield code="a">http://hdl.handle.net/11351/12206</subfield>
   </datafield>
   <datafield tag="653" ind2=" " ind1=" ">
      <subfield code="a">Anomalies cromosòmiques</subfield>
   </datafield>
   <datafield tag="653" ind2=" " ind1=" ">
      <subfield code="a">Sífilis - Epidemiologia</subfield>
   </datafield>
   <datafield tag="653" ind2=" " ind1=" ">
      <subfield code="a">Microorganismes - Resistència als medicaments</subfield>
   </datafield>
   <datafield tag="653" ind2=" " ind1=" ">
      <subfield code="a">PHENOMENA AND PROCESSES::Genetic Phenomena::Genetic Variation::Mutation</subfield>
   </datafield>
   <datafield tag="653" ind2=" " ind1=" ">
      <subfield code="a">ORGANISMS::Bacteria::Bacteria::Spirochaetales::Spirochaetaceae::Treponema::Treponema pallidum</subfield>
   </datafield>
   <datafield tag="653" ind2=" " ind1=" ">
      <subfield code="a">DISEASES::Bacterial Infections and Mycoses::Bacterial Infections::Gram-Negative Bacterial Infections::Treponemal Infections::Syphilis</subfield>
   </datafield>
   <datafield tag="653" ind2=" " ind1=" ">
      <subfield code="a">PHENOMENA AND PROCESSES::Microbiological Phenomena::Bacterial Physiological Phenomena::Drug Resistance, Bacterial</subfield>
   </datafield>
   <datafield tag="653" ind2=" " ind1=" ">
      <subfield code="a">FENÓMENOS Y PROCESOS::fenómenos genéticos::variación genética::mutación</subfield>
   </datafield>
   <datafield tag="653" ind2=" " ind1=" ">
      <subfield code="a">ORGANISMOS::Bacteria::Bacteria::Spirochaetales::Spirochaetaceae::Treponema::Treponema pallidum</subfield>
   </datafield>
   <datafield tag="653" ind2=" " ind1=" ">
      <subfield code="a">ENFERMEDADES::infecciones bacterianas y micosis::infecciones bacterianas::infecciones por bacterias gramnegativas::infecciones por Treponema::sífilis</subfield>
   </datafield>
   <datafield tag="653" ind2=" " ind1=" ">
      <subfield code="a">FENÓMENOS Y PROCESOS::fenómenos microbiológicos::fenómenos fisiológicos bacterianos::farmacorresistencia bacteriana</subfield>
   </datafield>
   <datafield ind2="0" ind1="0" tag="245">
      <subfield code="a">High increase of Nichols-like clade circulating Treponema pallidum subsp. pallidum in Barcelona from 2021 to 2023</subfield>
   </datafield>
</record></metadata></record></GetRecord></OAI-PMH>